000 00282nam a22001337a 4500
020 _a978-81-87552-12-3
041 _aENG
100 _aChavan .U.P
245 _aSayabean Prakriya
260 _aPune
_bUniveral Pub
_c2010
300 _a138
650 _aAPE
856 _uAPE ( 2 )
999 _c2588
_d2588